[Event "Hannover-ch op"]
[Site "Hannover"]
[Date "2002.10.07"]
[Round "5"]
[White "Witte, Heinrich"]
[Black "Romakin, Helene"]
[Result "0-1"]
[WhiteElo "1395"]
[BlackElo "1729"]
[PlyCount "51"]
[EventDate "2002.10.04"]
[EventType "swiss"]
[EventRounds "7"]
[EventCountry "GER"]
[SourceTitle "EXT 2021"]
[Source "ChessBase"]
[SourceDate "2020.10.23"]
[SourceVersion "1"]
[SourceVersionDate "2020.10.23"]
[SourceQuality "1"]

1. d4 Nf6 2. c4 c5 3. d5 e6 4. Nc3 exd5 5. cxd5 d6 6. Nf3 g6 7. e4 Bg7 8. Bb5+ Nfd7 9. 0-0 0-0 10. Bf4 Qc7 11. Ba4 a6 12. Re1 b5 13. Bc2 Re8 14. Rb1 Bb7 15. Qd2 Nb6 16. b3 N8d7 17. Re2 c4 18. Rc1 Rac8 19. Bh6 Bxh6 20. Qxh6 cxb3 21. Bxb3 b4 22. Qe3 bxc3 23. Rec2 Qd8 24. Rxc3 Rxc3 25. Rxc3 Bxd5 26. Qd4 0-1

[Event "Hannover-ch op"]
[Site "Hannover"]
[Date "2002.10.05"]
[Round "2"]
[White "Schulze, Holger"]
[Black "Witte, Heinrich"]
[Result "1-0"]
[WhiteElo "1640"]
[BlackElo "1395"]
[PlyCount "97"]
[EventDate "2002.10.04"]
[EventType "swiss"]
[EventRounds "7"]
[EventCountry "GER"]
[SourceTitle "EXT 2021"]
[Source "ChessBase"]
[SourceDate "2020.10.23"]
[SourceVersion "1"]
[SourceVersionDate "2020.10.23"]
[SourceQuality "1"]

1. f4 Nc6 2. Nf3 d6 3. b3 Bg4 4. e3 e5 5. fxe5 Nxe5 6. Be2 Nxf3+ 7. Bxf3 Bxf3 8. Qxf3 c6 9. Bb2 Qe7 10. 0-0 0-0-0 11. Qxf7 Qxf7 12. Rxf7 Nh6 13. Rf3 Rg8 14. d3 d5 15. Nd2 g6 16. Bf6 Re8 17. e4 dxe4 18. Nxe4 Nf5 19. Bb2 Bh6 20. Nf6 Bg7 21. Rb1 Bxf6 22. Bxf6 Re2 23. Rf2 Rge8 24. g4 Re1+ 25. Rxe1 Rxe1+ 26. Kg2 Ne3+ 27. Kf3 Nd5 28. Bd4 a6 29. Kg3 Re7 30. Bc5 Rd7 31. Kh4 b6 32. Bf8 Nc3 33. a3 Nb5 34. Rf6 Kb7 35. Kg5 Nd4 36. Rf2 Ne6+ 37. Kh6 c5 38. b4 cxb4 39. Bxb4 a5 40. Bc3 Kc6 41. h4 Kd6 42. h5 gxh5 43. Kxh5 Ke7 44. g5 Nf8 45. Bf6+ Ke8 46. Rf3 Ng6 47. c4 Rb7 48. a4 Kd7 49. Bd4 1-0

[Event "Hannover-ch op"]
[Site "Hannover"]
[Date "2002.10.04"]
[Round "1"]
[White "Witte, Heinrich"]
[Black "Abel, Dennes"]
[Result "0-1"]
[WhiteElo "1395"]
[BlackElo "1788"]
[PlyCount "54"]
[EventDate "2002.10.04"]
[EventType "swiss"]
[EventRounds "7"]
[EventCountry "GER"]
[SourceTitle "EXT 2021"]
[Source "ChessBase"]
[SourceDate "2020.10.23"]
[SourceVersion "1"]
[SourceVersionDate "2020.10.23"]
[SourceQuality "1"]

1. d4 Nf6 2. c4 g6 3. Nc3 d5 4. Nf3 Bg7 5. Bf4 0-0 6. e3 c5 7. dxc5 Qa5 8. Bd3 dxc4 9. Qa4 Qxa4 10. Nxa4 cxd3 11. Rd1 Bf5 12. Nd4 Be4 13. f3 Bc6 14. Nc3 Nbd7 15. b4 e5 16. Nxc6 exf4 17. Ne7+ Kh8 18. e4 Rae8 19. Ned5 Nxd5 20. Nxd5 f5 21. 0-0 fxe4 22. fxe4 Rxe4 23. Rxd3 Rd4 24. Rfd1 Rxd3 25. Rxd3 Ne5 26. Rb3 f3 27. g3 f2+ 0-1

[Event "Hannover-ch op"]
[Site "Isernhagen"]
[Date "2001.10.02"]
[Round "6"]
[White "Witte, Heinrich"]
[Black "Tenninger, Joerg"]
[Result "1/2-1/2"]
[WhiteElo "1297"]
[BlackElo "1655"]
[PlyCount "69"]
[EventDate "2001.09.29"]
[EventType "swiss"]
[EventRounds "7"]
[EventCountry "GER"]
[SourceTitle "EXT 2021"]
[Source "ChessBase"]
[SourceDate "2020.10.23"]
[SourceVersion "1"]
[SourceVersionDate "2020.10.23"]
[SourceQuality "1"]

1. d4 e6 2. c4 d5 3. Nc3 Nf6 4. Nf3 b6 5. e3 Bb7 6. Be2 Be7 7. 0-0 0-0 8. Bd2 c5 9. cxd5 Nxd5 10. Bc4 Nf6 11. dxc5 Bxc5 12. Qe2 Nbd7 13. Rad1 Qc7 14. Nb5 Qc8 15. Bc3 a6 16. Nd6 Bxd6 17. Rxd6 Bxf3 18. gxf3 Qc5 19. Rfd1 b5 20. Bb3 Qg5+ 21. Kh1 Nc5 22. Bc2 Qh5 23. Bxf6 gxf6 24. Rg1+ Kh8 25. Rg3 Rg8 26. Rd2 f5 27. f4 Qh4 28. Qf3 Rac8 29. b4 Na4 30. Bxa4 bxa4 31. Qd1 Qf6 32. Rd6 Qb2 33. Qd4+ Qxd4 34. Rxd4 Rc1+ 35. Kg2 1/2-1/2

[Event "Hannover-ch op"]
[Site "Isernhagen"]
[Date "2001.09.30"]
[Round "2"]
[White "Fliegner, Stefan"]
[Black "Witte, Heinrich"]
[Result "1/2-1/2"]
[WhiteElo "1597"]
[BlackElo "1297"]
[PlyCount "77"]
[EventDate "2001.09.29"]
[EventType "swiss"]
[EventRounds "7"]
[EventCountry "GER"]
[SourceTitle "EXT 2021"]
[Source "ChessBase"]
[SourceDate "2020.10.23"]
[SourceVersion "1"]
[SourceVersionDate "2020.10.23"]
[SourceQuality "1"]

1. c4 c5 2. Nf3 Nc6 3. Nc3 Nf6 4. g3 e5 5. d3 Be7 6. Bg2 d6 7. 0-0 0-0 8. a3 Bd7 9. Bg5 a6 10. Rb1 Rb8 11. Qd2 b5 12. cxb5 axb5 13. b4 cxb4 14. axb4 h6 15. Bxf6 Bxf6 16. Nd5 Na7 17. Rfc1 Bc6 18. Nxf6+ Qxf6 19. Qe3 Qe7 20. Ra1 Ra8 21. Ra6 Rfc8 22. Rca1 Rc7 23. h4 f6 24. Nd2 Bxg2 25. Kxg2 d5 26. Nf3 d4 27. Qe4 Rac8 28. Qd5+ Kf8 29. Re6 Qxb4 30. Rd6 Re8 31. Raa6 Nc8 32. Rd8 Qe7 33. Rxe8+ Qxe8 34. Ra8 Ke7 35. Nxe5 fxe5 36. Qxe5+ Kd8 37. Qxd4+ Qd7 38. Qxd7+ Kxd7 39. Ra1 1/2-1/2